| 000 | 01039nam a22002897a 4500 | ||
|---|---|---|---|
| 001 | 9601 | ||
| 003 | FISKH | ||
| 005 | 20260126092953.0 | ||
| 008 | 260126b cb ||||| |||| 00| 0 eng d | ||
| 020 | _a9780261102378 | ||
| 040 |
_aFISKH _beng _cFISKH _dFISKH |
||
| 050 | _aPR6039 .O32 | ||
| 082 | _a823.087661 | ||
| 100 | _aTolkien , J.R.R. | ||
| 245 |
_aThe return of the king / _cBy J.R.R. Tolkien |
||
| 260 |
_aLondon : _bHarper Collins Publishers , _c1955 . |
||
| 300 |
_a1567 pages : _billustrations , maps ; _c18 cm . |
||
| 490 |
_aThe lord of the rings _vPart 3 |
||
| 505 | _aZ | ||
| 520 | _aAs the armies of the Dark Lord gather, Aragorn joins with the Riders of Rohan, Merry and Pippin escape into the Fangorn Forest and meet the Ents, Gandalf returns, and Sam and Frodo are separated after Frodo is captured by the Orcs. | ||
| 521 | 8 |
_a920
_bLexile estimate |
|
| 521 | 8 |
_aJ
_bRaz-Plus |
|
| 650 |
_aHobbits _vFiction |
||
| 650 |
_aLord of the Rings _vFiction |
||
| 942 |
_2ddc _cBK _n0 |
||
| 999 |
_c9601 _d9601 |
||